000 00438nam a2200157 i 4500
001 61785
003 ES-MaACL
005 20230906164536.0
007 t|
008 031113s1923 fr ||||1| fre d
100 1 _aFarrère, Claude.
_948900
245 1 0 _aHistoires de tresloni ou d'assex près /
_cClaude Farrere.
260 _a[S.l. :
_bs.n.,
_c1923] (
_eLagny :
_fE. Grevin)
300 _a284 p. ;
_c19 cm.
852 _aES-MaACL
_jF-4885
999 _c61785
_d61785